• 首页
  • 本馆介绍
  • 公告通知
  • 最新文献
  • 馆藏检索
  • 电子资源
  • 读者导购
  • 参考咨询
  • 我的图书馆
  • 登录
  • 详细信息显示
  • 放入我的书架
  • 预约/预借图书
  • 作者相关作品
  • 分类相关作品
  • 丛书相关作品
  • 出版社相关作品

书目信息

  • 表格格式
  • 工作单格式
  • 卡片格式
题名:
随机过程
    
 
作者: 李裕奇 编著
分册:  
出版信息: 北京   国防工业出版社  2003
页数: 283页
开本: 23cm
丛书名:
单 册:
中图分类: O211.6
科图分类:
主题词: 随机过程
电子资源:
ISBN: 7-118-03176-3
000 00754nam0 2200241 450
001 05002475422
005 20050905170731.60
010    @a7-118-03176-3@dCNY22.00
100    @a20040804d2003 ekmy0chiy0120 ea
101 0  @achi
102    @aCN@b110000
105    @ay az 000yy
200 1  @a随机过程@Asui ji guo cheng@f李裕奇编著@Fli yu qi bian zhu
210    @a北京@c国防工业出版社@d2003
215    @a283页@d23cm
300    @a西南交通大学教材出版基金资助出版
320    @a有书目
330    @a本书讲述了概率论基础知识,随机过程的基本概念,随机过程的分布与数字特征,均方微积分,泊松过程,平稳过程等内容。
606 0  @a随机过程
690    @aO211.6@v4
701  0 @a李裕奇@Ali yu qi@4编著
801  0 @aCN@bTSSF@c20050905
905    @a10447@dO211.6@e146
    
    随机过程/李裕奇编著.-北京:国防工业出版社,2003
    283页;23cm
    西南交通大学教材出版基金资助出版
    
    ISBN 7-118-03176-3:CNY22.00
    本书讲述了概率论基础知识,随机过程的基本概念,随机过程的分布与数字特征,均方微积分,泊松过程,平稳过程等内容。
●
相关链接 在E读中查询图书 在五车中查询图书 在当当中查询图书 在豆瓣中查询图书


正题名:随机过程     索取号:O211.6/146         预约/预借

序号 登录号 条形码 馆藏地/架位号 状态 备注
1 0359980   3599804   第二样本阅览室/ [索取号:O211.6/146] 在馆    
2 0359981   3599813   第三借阅区/ [索取号:O211.6/146] 在馆    
3 0359982   3599822   第三借阅区/ [索取号:O211.6/146] 在馆    
4 0359983   3599831   第三借阅区/ [索取号:O211.6/146] 在馆    
5 0359984   3599840   第三借阅区/ [索取号:O211.6/146] 在馆    
唐山师范学院图书馆 欢迎您!
大连网信软件有限公司© 版权所有